[Event "Balkan-ch U14 Girls"]
[Site "Tornelo INT"]
[Date "2020.11.01"]
[Round "7"]
[White "Sharku, Ariona"]
[Black "Lusheska, Elena"]
[Result "1-0"]
[WhiteElo "1380"]
[BlackElo "1086"]
[PlyCount "113"]
[EventDate "2020.10.31"]
[EventType "swiss"]
[EventRounds "7"]
[EventCountry "NET"]
[SourceTitle "EXT 2023"]
[Source "ChessBase"]
[SourceDate "2022.10.05"]
[SourceVersion "1"]
[SourceVersionDate "2022.10.05"]
[SourceQuality "1"]

1. e4 c6 2. Nf3 d5 3. Nc3 dxe4 4. Nxe4 Nd7 5. Bc4 Ngf6 6. Neg5 e6 7. Qe2 Nb6 8. Bb3 Nbd5 9. d4 Be7 10. Bd2 Bb4 11. c3 Be7 12. Ne5 0-0 13. 0-0-0 Nd7 14. h4 f6 15. Nxe6 Qe8 16. Nxf8 Qxf8 17. Nxd7 Bxd7 18. Rde1 Bd6 19. Qh5 Qf7 20. Qf3 Kf8 21. c4 Nb4 22. c5 Nxa2+ 23. Bxa2 Qxa2 24. cxd6 Qa1+ 25. Kc2 Qa4+ 26. Qb3 Bf5+ 27. Kc3 Qa5+ 28. Qb4 Qxb4+ 29. Kxb4 b6 30. Re7 a5+ 31. Ka3 Rb8 32. Rhe1 h6 33. Rc7 Rc8 34. Rxc8+ Bxc8 35. Re7 Bf5 36. b4 a4 37. Kxa4 Bc2+ 38. Ka3 b5 39. Re2 Bd3 40. Re3 Bf5 41. Re7 Bd3 42. Rc7 Be4 43. Rc8+ Kf7 44. d7 Bf5 45. d8Q Bxc8 46. Qxc8 Ke7 47. Qxc6 Kd8 48. Qb7 Ke8 49. d5 Kd8 50. d6 Ke8 51. d7+ Kd8 52. Qc7+ Ke7 53. d8Q+ Ke6 54. Qc5 Kf7 55. Qce7+ Kg6 56. Qde8+ Kf5 57. Qe4# 1-0